Moduli spaces of Abelian surfaces : compactification, degenerations, and theta functions /
Guardado en:
| Autor Principal: | |
|---|---|
| Otros Autores: | , |
| Formato: | Libro |
| Idioma: | English |
| Publicado: |
Berlin :
Walter de Gruyter,
1993.
|
| Series: | De Gruyter expositions in mathematics,
12 |
| Materias: | |
| Etiquetas: |
Agregar Etiqueta
Sin Etiquetas, Sea el primero en etiquetar este registro!
|
| LEADER | 00945pam a2200253 a 4500 | ||
|---|---|---|---|
| 001 | MAT.inmabb003993 | ||
| 008 | 930721s1993####gw#a#####b####001#0#eng## | ||
| 005 | 20130304125253.0 | ||
| 245 | 1 | 0 | |a Moduli spaces of Abelian surfaces : |b compactification, degenerations, and theta functions / |c by Klaus Hulek, Constantin Kahn, Steven H. Weintraub. |
| 260 | |a Berlin : |b Walter de Gruyter, |c 1993. | ||
| 300 | |a xii, 347 p. : |b il. ; |c 25 cm. | ||
| 440 | 0 | |a De Gruyter expositions in mathematics, |x 0938-6572 ; |v 12 | |
| 504 | |a Incluye referencias bibliográficas (p. [333]-336) e índice. | ||
| 510 | 4 | |a MR, |c 95e:14034 | |
| 020 | |a 3110138514 | ||
| 100 | 1 | |a Hulek, Klaus. | |
| 700 | 1 | |a Kahn, Constantin, |d 1960- | |
| 700 | 1 | |a Weintraub, Steven H. | |
| 650 | 0 | |a Moduli theory. | |
| 650 | 0 | |a Abelian varieties. | |
| 084 | |a 14K10 (11F46 14-02 14J15 14K25) |2 msc2000 | ||
| 010 | |a 93029681 | ||
| 040 | |a DLC |c DLC |d DLC | ||
| 859 | |h 14 |i H912 |p A-8414 |b BIB. MATEMATICA | ||
